[Event "Wch U16 Girls"]
[Site "Montesilvano"]
[Date "2023.11.24"]
[Round "11"]
[White "Djukic, Katarina"]
[Black "Bochnickova, Simona"]
[Result "0-1"]
[WhiteElo "1536"]
[BlackElo "2043"]
[PlyCount "68"]
[EventDate "2023.11.13"]
[EventType "swiss"]
[EventRounds "11"]
[EventCountry "ITA"]
[SourceTitle "CB48_2023"]
[SourceDate "2023.11.29"]
[SourceVersion "1"]
[SourceVersionDate "2023.11.29"]
[SourceQuality "1"]

1. e4 c5 2. Nf3 d6 3. d4 cxd4 4. Nxd4 Nf6 5. Nc3 a6 6. f3 e5 7. Nb3 Be6 8. Be3 h5 9. Nd5 Nbd7 10. Qd2 Rc8 11. 0-0-0 Bxd5 12. exd5 Nb6 13. Qa5 Qc7 14. c3 Nbd7 15. Kb1 Be7 16. Qxc7 Rxc7 17. Na5 0-0 18. Nc4 b5 19. Na5 Rfc8 20. Nc6 Nxd5 21. Nxe7+ Nxe7 22. Rxd6 Nf5 23. Rd3 b4 24. Bd2 Nc5 25. Rd5 bxc3 26. Bxc3 Na4 27. Rxe5 Rb8 28. Ka1 Nxc3 29. bxc3 Rxc3 30. Bxa6 Nd4 31. Rb5 Nxb5 32. Rb1 Rd8 33. Rxb5 Rc2 34. Kb1 Rxg2 0-1

[Event "Wch U16 Girls"]
[Site "Montesilvano"]
[Date "2023.11.13"]
[Round "1"]
[White "Djukic, Katarina"]
[Black "Karaivanova, Petya F"]
[Result "0-1"]
[WhiteElo "1536"]
[BlackElo "1883"]
[PlyCount "80"]
[EventDate "2023.11.13"]
[EventType "swiss"]
[EventRounds "11"]
[EventCountry "ITA"]
[SourceTitle "CB48_2023"]
[SourceDate "2023.11.29"]
[SourceVersion "1"]
[SourceVersionDate "2023.11.29"]
[SourceQuality "1"]

1. e4 e5 2. Nf3 Nc6 3. Bb5 a6 4. Ba4 d6 5. c3 Bd7 6. d4 g6 7. 0-0 Bg7 8. Re1 Nge7 9. Be3 0-0 10. Nbd2 h6 11. dxe5 Nxe5 12. Nxe5 dxe5 13. Bb3 Kh7 14. Bc5 b6 15. Ba3 f5 16. exf5 Rxf5 17. Bc2 Rf7 18. Nf3 Nc6 19. Be4 Qe8 20. Bxg6+ Kxg6 21. Qd3+ Kh5 22. h3 Rf4 23. g3 Bf5 24. Qe2 Rxf3 25. Qxf3+ Kg6 26. g4 Be6 27. Qe4+ Kf7 28. Rad1 Kg8 29. b3 Na7 30. c4 Rb8 31. Bb2 Nc6 32. f4 Bc8 33. fxe5 Bb7 34. Qd5+ Kh8 35. Qd7 Qf8 36. Qf5 Qb4 37. Qd3 Re8 38. Bc3 Qc5+ 39. Kh2 Qf2+ 40. Kh1 Nxe5+ 0-1